MARC details
| 000 -LEADER |
| campo de control de longitud fija |
01819nka a2200337 i 4500 |
| 001 - NÚMERO DE CONTROL |
| campo de control |
102926 |
| 003 - IDENTIFICADOR DE NÚMERO DE CONTROL |
| campo de control |
ES-MaACL |
| 005 - FECHA Y HORA DE LA ÚLTIMA TRANSACCIÓN |
| campo de control |
20250823041121.0 |
| 007 - CAMPO FIJO DE DESCRIPCIÓN FÍSICA--INFORMACIÓN GENERAL |
| campo de control de longitud fija |
t| |
| 008 - DATOS DE LONGITUD FIJA--INFORMACIÓN GENERAL |
| campo de control de longitud fija |
051220e1876 sp f | |r||1c|spa d |
| 100 1# - ENTRADA PRINCIPAL--NOMBRE DE PERSONA |
| Nombre de persona |
Martínez Aparici, Domingo, |
| Fechas asociadas al nombre |
1822-1898 |
| Término indicativo de función/relación |
Dibujante |
| -- |
Grabador |
| 9 (RLIN) |
77862 |
| 245 10 - MENCIÓN DEL TÍTULO |
| Título |
Santa Isabel Reina de Ungria |
| Medio |
[Material gráfico] / |
| Mención de responsabilidad, etc. |
B. Murillo lo pintó ; D. Martínez Parisi lo Dº y Gº 1876 |
| 246 1# - FORMA VARIANTE DEL TITULO |
| Título propio/Titulo breve |
Santa Isabel, reina de Hungría |
| 260 ## - PUBLICACIÓN, DISTRIBUCIÓN, ETC. |
| Lugar de publicación, distribución, etc. |
[S.l. : |
| Nombre del editor, distribuidor, etc. |
s.n., |
| Fecha de publicación, distribución, etc. |
1876] |
| 300 ## - DESCRIPCIÓN FÍSICA |
| Extensión |
1 estampa : |
| Otras características físicas |
grabado calcográfico ; |
| Dimensiones |
661 x 514 mm |
| 490 1# - MENCIÓN DE SERIE |
| Mención de serie |
Colección facticia de grabados ; |
| Designación de volumen o secuencia |
7 |
| RLIN |
184692 |
| 500 ## - NOTA GENERAL |
| Nota general |
Inscripción: "Santa Isabel Reina de Ungria" |
| 520 ## - RESUMEN, ETC. |
| Sumario, etc. |
"Santa Isabel de Hungría curando a los tiñosos" es un cuadro realizado en 1672 por Murillo, por encargo de Miguel de Mañara, para la decoración de la iglesia de San Jorge del Hospital de la Hermandad de la Caridad de Sevilla, en él representa a santa Isabel de Hungría, ayudada por unas damas, mientras vierte agua sobre la cabeza de un niño que se encuentra afectado de tiña cápitis, enfermedad del cuero cabelludo producida por hongos dermatofitos |
| 530 ## - NOTA DISPONIBLE DE FORMULARIO FÍSICO ADICIONAL |
| Nota de formato físico adicional disponible |
Disponible en formato digital |
| 600 04 - PUNTO DE ACCESO ADICIONAL DE MATERIA--NOMBRE DE PERSONA |
| Nombre de persona |
Isabel de Hungría, |
| Títulos y otros términos asociados al nombre |
Santa, |
| Fechas asociadas al nombre |
1207-1231 |
| 9 (RLIN) |
65522 |
| 650 #7 - PUNTO DE ACCESO ADICIONAL DE MATERIA--TÉRMINO DE MATERIA |
| Término de materia o nombre geográfico como elemento de entrada |
Tiña |
| Fuente del encabezamiento o término |
embne |
| 9 (RLIN) |
170408 |
| 655 #7 - TERMINO DE INDIZACIÓN--GENERO/FORMA |
| Datos o término principal de género/forma |
Grabados calcográficos |
| Fuente del término |
tgfbne |
| 9 (RLIN) |
241761 |
| 655 #7 - TERMINO DE INDIZACIÓN--GENERO/FORMA |
| Datos o término principal de género/forma |
Grabados |
| Fuente del término |
tgfbne |
| 9 (RLIN) |
226846 |
| 655 #4 - TERMINO DE INDIZACIÓN--GENERO/FORMA |
| Datos o término principal de género/forma |
Reproducciones de obras de arte |
| 9 (RLIN) |
241931 |
| 700 1# - ENTRADA AGREGADA--NOMBRE PERSONAL |
| Nombre de persona |
Murillo, Bartolomé Esteban, |
| Fechas asociadas al nombre |
1617-1682 |
| Término indicativo de función/relación |
Artista |
| 9 (RLIN) |
84581 |
| 830 #0 - PUNTO DE ACCESO ADICIONAL DE SERIE-TÍTULO UNIFORME |
| Título uniforme |
Colección facticia de grabados ; |
| Designación de volumen o secuencia |
7 |
| 9 (RLIN) |
184692 |
| 852 4# - LOCALIZACIÓN |
| Ubicación |
ES-MaACL |
| Ubicación en estantería |
Depósito 2 |
| Número de control de estantería |
GF-2(7) |
| 856 4# - LOCALIZACIÓN Y ACCESO ELECTRÓNICOS |
| Identificador Uniforme de Recursos |
<a href="https://patrimoniodigital.ucm.es/s/patrimonio/item/1534091">https://patrimoniodigital.ucm.es/s/patrimonio/item/1534091</a> |
| Texto de enlace |
Versión en línea |
| Nota pública |
(Patrimonio Digital Complutense) |
| 942 ## - ELEMENTOS DE ENTRADA SECUNDARIOS (KOHA) |
| Fuente del sistema de clasificación o colocación |
Clasificación decimal universal |
| Tipo de ítem Koha |
Grabado |
| Suprimir en OPAC |
No |